000 00473ntaaa2200181 4500
003 01
005 20251027202445.0
008 0714s1973 ag 01
040 _aAR-BaBN
_bspa
_cAR-BaBN
_eaacr
_dRIC
082 _a266.0900 M61t
100 _aMiller, Basil
_915843
245 _aTwenty missionary stories from around the world
250 _a1 ed.
260 _aAnderson, Ind. :
_bWarner Press,
_c1950
300 _a107 p.
650 _aMisiones-Historia
_94338
942 _cBK
999 _c19579
_d19579